00362nam a2200133Ia 4500008004100000082001700041100002400058245004600082250001200128260004500140300000800185650001100193700002400204191201s2011 xx 000 0 und d a320.954bJAO aJAYAL, Niraja Gopal 0aThe Oxford Companion to Politics in India a8th Imp aNew DelhibOxford University Pressc2020 a618 aBA GEN aMEHTA, Pratap Bhanu